000 03013nam0a2200409 4500
001 RU\NLR\BIBL_A\022421641
005 20250627153227.0
010 _a978-5-7046-3046-3
_960
021 _aRU
_bКН-П-24-070510
_9КН-П-24-7047
035 _a(NLR Aleph) 022421641
090 _a13445938
_c13445938
100 _a20241226d2024 u y0rusy50 ca
101 0 _arus
102 _aRU
105 _aа j 000yy
181 0 _ai
_baxxe
182 0 _an
200 1 _aУчет распределенной и возобновляемой генерации при расчете и анализе режимов ЭЭС
_eучебное пособие по дисциплинам "Методы математической оптимизации", "АСДУ и математические методы анализа и управления ЭЭС" и изолированные энергосистемы и распределенная генерация" для студентов, обучающихся по направлению 13.04.02 "Электроэнергетика и электротехника"
_fМ. А. Х. Толба, В. Н. Тульский, Н. Ш. Чемборисова, С. А. Фахриева
_gМинистерство науки и высшего образования Российской Федерации, Национальный исследовательский университет "МЭИ"
203 _aТекст
_bвизуальный
_cнепосредственный
210 _aМосква
_cМЭИ
_d2024
215 _a58 с.
_cил.
_d20
300 _aАвт. указаны на обороте тит. с.
320 _aБиблиогр.: с. 58 (7 назв.)
606 1 _aЭлектроэнергетические системы
_jУчебные издания для высших учебных заведений
_xРежим работы
_xУправление
_92585064
_3RU\NLR\AUTH\661527979
606 1 _aЭлектрическая энергия
_jУчебные издания для высших учебных заведений
_xВозобновляемые источники
_92082315
_3RU\NLR\AUTH\661258335
606 1 _aЭлектрическая энергия
_jУчебные издания для высших учебных заведений
_xРаспределение
_92149997
_3RU\NLR\AUTH\661294875
686 1 _aЗ27-016я73-1
701 1 _aТолба
_bМ. А. Х.
_gМохамед Али Хассан
701 1 _aТульский
_bВ. Н.
_gВладимир Николаевич
701 1 _aЧемборисова
_bН. Ш.
_gНаиля Шавкатовна
701 1 _aФахриева
_bС. А.
_gСветлана Алимжановна
712 0 2 _4475
_a"МЭИ", национальный исследовательский университет
_9309008
_3RU\NLR\AUTH\8810210916
942 _cBOOK
980 _aNB